Experimental Investigation of Performance of the Rotorcraft Directional Rudder

Článok prezentuje výsledky experimentálneho testovania trupu gyrokoptéra. Testovaný model bol vyrobený v mierke 1:8 pomocou 3D lače. Meranie sa uskutočnilo pri rýchlosti vzduchu 25 až 26 m/s. Výsledky a závery z týchto experimentov môžu byť cenné na zlepšenie dizajnu a funkčnosti kormidiel rotorovýc...

Descrizione completa

Salvato in:
Dettagli Bibliografici
Autore principale: Novak, Andrej
Altri autori: Ścisłowski, Karol, Kliza, Rafał, Bąbel, Robert, Czyż, Zbigniew, Karpiński, Paweł
Natura: Capitolo di libro
Lingua:inglese
Soggetti:
Tags: Aggiungi Tag
Nessun Tag, puoi essere il primo ad aggiungerne!!

MARC

LEADER 00000naa a2200000 4500
001 0300425
005 20240522115318.6
041 0 |a eng 
044 |a SK 
245 1 0 |a Experimental Investigation of Performance of the Rotorcraft Directional Rudder  |c Andrej Novak, Karol Ścisłowski, Rafał Kliza, Robert Bąbel, Zbigniew Czyż, Paweł Karpiński 
520 |a Článok prezentuje výsledky experimentálneho testovania trupu gyrokoptéra. Testovaný model bol vyrobený v mierke 1:8 pomocou 3D lače. Meranie sa uskutočnilo pri rýchlosti vzduchu 25 až 26 m/s. Výsledky a závery z týchto experimentov môžu byť cenné na zlepšenie dizajnu a funkčnosti kormidiel rotorových lietadiel. 
610 2 0 |a doprava 
610 2 0 |a modely 
610 2 0 |a experimenty 
610 2 0 |a lietadlá 
610 2 0 |a výskum 
100 1 |a Novak, Andrej 
700 1 |a Ścisłowski, Karol 
700 1 |a Kliza, Rafał 
700 1 |a Bąbel, Robert 
700 1 |a Czyż, Zbigniew 
700 1 |a Karpiński, Paweł